00524nam a2200169Ia 450000500170000000800410001702000180005808200130007610000170008924500360010626000590014230000150020165000180021694200060023495200990024099900150033920250321081141.0240331s9999 xx 000 0 und d a9789555021609 bPONa894 aPonnaiyan, N 0aNeervai ponnaiyan sirukathaikal aColombobIlankai mootpoku kalai illakiyapperavaic2007 a256 p .,  aShort stories cL 001040708LaWERCLbWERCLcSSCd2024-03-31l0o 894.811 PONp5878r2024-03-31w2024-03-31yL c3761d3761